[Event "Eastern Ontario op"]
[Site "Ottawa CAN"]
[Date "2025.06.14"]
[Round "2.6"]
[White "Latorre, Vincent"]
[Black "Nassar, Marc"]
[Result "1-0"]
[WhiteElo "2362"]
[BlackElo "2187"]
[WhiteFideId "-1"]
[WhiteFideId "-1"]
[PlyCount "51"]
[GameId "2189339054751982"]
[EventDate "2025.06.13"]
[EventType "swiss"]
[EventRounds "5"]
[EventCountry "CAN"]

1. Nf3 Nf6 2. g3 b5 3. Bg2 Bb7 4. d4 e6 5. O-O Be7 6. a4 b4 7. c4 d6 8. d5 exd5 9. Nh4 c6 10. cxd5 cxd5 11. Nf5 O-O 12. Ne3 Qa5 13. Nd2 Qa6 14. Nb3 Nbd7 15. g4 Nb6 16. g5 Nfd7 17. a5 Nc4 18. Nxd5 Bxd5 19. Bxd5 Rac8 20. Nd4 Rfe8 21. b3 Na3 22. Qd2 Qxa5 23. Nc6 Qc5 24. Bxa3 Rxc6 25. Bxb4 Qc2 26. Qf4 1-0

[Event "Eastern Ontario op"]
[Site "Ottawa CAN"]
[Date "2025.06.14"]
[Round "2.7"]
[White "Saine, Zachary"]
[Black "Demchenko, Svitlana"]
[Result "1-0"]
[WhiteElo "2132"]
[BlackElo "2353"]
[WhiteFideId "-1"]
[WhiteFideId "-1"]
[PlyCount "75"]
[GameId "2189339054751986"]
[EventDate "2025.06.13"]
[EventType "swiss"]
[EventRounds "5"]
[EventCountry "CAN"]

1. e4 c5 2. Nf3 d6 3. d4 cxd4 4. Nxd4 Nf6 5. Nc3 Nc6 6. Bg5 Bd7 7. Qd2 Rc8 8. O-O-O Nxd4 9. Qxd4 Qa5 10. Be3 a6 11. f3 e6 12. Kb1 b5 13. g4 h6 14. h4 Bc6 15. Rg1 b4 16. Ne2 d5 17. e5 Nd7 18. f4 Qc7 19. Qd2 Nc5 20. Bg2 a5 21. Nd4 a4 22. f5 b3 23. cxb3 axb3 24. a3 Bd7 25. Rc1 Be7 26. g5 hxg5 27. hxg5 exf5 28. Bxd5 Qxe5 29. Nf3 Qd6 30. Qd4 O-O 31. Bf4 Qa6 32. g6 Be6 33. gxf7+ Rxf7 34. Ne5 Rff8 35. Rxg7+ Kxg7 36. Rg1+ Kh7 37. Rh1+ Kg8 38. Qg1+ 1-0

[Event "Eastern Ontario op"]
[Site "Ottawa CAN"]
[Date "2025.06.14"]
[Round "2.8"]
[White "Moses, Neil"]
[Black "Jiang, Barron Jiyu"]
[Result "1-0"]
[WhiteElo "2321"]
[BlackElo "2137"]
[WhiteFideId "-1"]
[WhiteFideId "-1"]
[PlyCount "83"]
[GameId "2189339054751985"]
[EventDate "2025.06.13"]
[EventType "swiss"]
[EventRounds "5"]
[EventCountry "CAN"]

1. e4 c5 2. Nf3 d6 3. d4 cxd4 4. Nxd4 Nf6 5. Nc3 a6 6. Be3 e5 7. Nf3 Qa5 8. Bc4 h6 9. O-O Nbd7 10. a3 Qc7 11. Ba2 Nc5 12. Nd5 Nxd5 13. Bxd5 Be7 14. b4 Na4 15. Bb3 Nc3 16. Qd3 Bg4 17. h3 Bh5 18. Bd2 Rc8 19. Rfe1 Qc6 20. Re3 Na4 21. c4 Nb2 22. Qc2 Nxc4 23. Rc3 b5 24. Rxc4 Qxc4 25. Bxc4 Rxc4 26. Qd3 Bg6 27. Rc1 Bxe4 28. Qe3 f5 29. Qa7 Rxc1+ 30. Bxc1 Kf7 31. Qxa6 g5 32. Qxb5 Rc8 33. Be3 f4 34. Bb6 Ke6 35. Kh2 h5 36. Qe2 Bg6 37. Nd4+ Kf6 38. a4 exd4 39. Bxd4+ Kf7 40. Qa2+ Kf8 41. Qe6 Rb8 42. Qxg6 1-0

[Event "Eastern Ontario op"]
[Site "Ottawa CAN"]
[Date "2025.06.14"]
[Round "2.9"]
[White "Tan, Shuwen"]
[Black "Masse, Hugues"]
[Result "0-1"]
[WhiteElo "1804"]
[BlackElo "2259"]
[WhiteFideId "-1"]
[WhiteFideId "-1"]
[PlyCount "104"]
[GameId "2189339054784756"]
[EventDate "2025.06.13"]
[EventType "swiss"]
[EventRounds "5"]
[EventCountry "CAN"]

1. Nf3 Nf6 2. g3 c5 3. Bg2 Nc6 4. O-O e5 5. d3 d5 6. e4 dxe4 7. dxe4 Qxd1 8. Rxd1 Be7 9. Na3 O-O 10. Bg5 Be6 11. c3 Rfd8 12. Nd2 Ne8 13. Bxe7 Nxe7 14. Ndc4 f6 15. Bf1 Bg4 16. Rxd8 Rxd8 17. Kg2 Be6 18. Nc2 Kf7 19. a4 b6 20. N2e3 Nc6 21. Be2 Ke7 22. Nd5+ Bxd5 23. exd5 Na5 24. Ne3 Nd6 25. Rd1 f5 26. f4 exf4 27. gxf4 Kf6 28. b4 Nab7 29. Ba6 Re8 30. Kf3 Nd8 31. bxc5 bxc5 32. Rb1 N8f7 33. h4 g6 34. Bd3 h6 35. Nc2 g5 36. hxg5+ hxg5 37. Re1 Rh8 38. Re6+ Kg7 39. Ne3 gxf4 40. Nxf5+ Nxf5 41. Bxf5 Ng5+ 42. Kxf4 Nxe6+ 43. Bxe6 Kf6 44. Bd7 Ke7 45. Bb5 Rh6 46. Ke3 a6 47. Bc6 Rh3+ 48. Kd2 c4 49. Kc2 Kd6 50. a5 Kc5 51. Kb2 Rh2+ 52. Kb1 Rd2 0-1

[Event "Eastern Ontario op"]
[Site "Ottawa CAN"]
[Date "2025.06.14"]
[Round "2.10"]
[White "Wiebe, Isaac"]
[Black "Pelev, Iassen"]
[Result "1-0"]
[WhiteElo "2258"]
[BlackElo "2017"]
[WhiteFideId "-1"]
[WhiteFideId "-1"]
[PlyCount "99"]
[GameId "2189339054751981"]
[EventDate "2025.06.13"]
[EventType "swiss"]
[EventRounds "5"]
[EventCountry "CAN"]

1. Nf3 Nf6 2. c4 g6 3. Nc3 Bg7 4. e4 d6 5. d4 O-O 6. Be2 e5 7. O-O Nc6 8. d5 Ne7 9. b4 Ne8 10. a4 a5 11. bxa5 Rxa5 12. Nd2 c5 13. Nb3 Ra8 14. Bd2 f5 15. a5 fxe4 16. Nxe4 Nf6 17. Nc3 Nf5 18. Ra3 Nd4 19. Nxd4 cxd4 20. Nb5 Ne4 21. Bb4 Nc5 22. Bg4 Bf5 23. Bxf5 gxf5 24. Qh5 e4 25. Rh3 h6 26. Rg3 Rf6 27. Nxd4 f4 28. Rxg7+ Kxg7 29. Bxc5 dxc5 30. Ne6+ Rxe6 31. dxe6 Qf6 32. Qd5 Re8 33. Qxb7+ Re7 34. Qxe4 Rxe6 35. Qb7+ Re7 36. Qd5 Re5 37. Qd7+ Re7 38. Qg4+ Kh7 39. h3 Rg7 40. Qf3 Qd4 41. Qd5 f3 42. Qxf3 Qxc4 43. Qf5+ Kh8 44. Rd1 Qg8 45. Qe5 Kh7 46. Qe4+ Kh8 47. Rd6 Qh7 48. Rd8+ Rg8 49. Qxh7+ Kxh7 50. Rxg8 1-0

[Event "Eastern Ontario op"]
[Site "Ottawa CAN"]
[Date "2025.06.14"]
[Round "2.11"]
[White "Fiset, Anais Chloe"]
[Black "Dukic, Zachary"]
[Result "0-1"]
[WhiteElo "1991"]
[BlackElo "2368"]
[WhiteFideId "-1"]
[WhiteFideId "-1"]
[PlyCount "38"]
[GameId "2189339054751983"]
[EventDate "2025.06.13"]
[EventType "swiss"]
[EventRounds "5"]
[EventCountry "CAN"]

1. e4 d6 2. d4 Nf6 3. Nc3 e5 4. Nf3 Nbd7 5. Rg1 c6 6. g4 h6 7. Be3 Be7 8. a3 Nf8 9. h3 Ng6 10. g5 hxg5 11. Nxg5 exd4 12. Bxd4 b5 13. Nxb5 cxb5 14. Bxb5+ Kf8 15. Bc4 d5 16. Nxf7 Kxf7 17. Bxf6 dxc4 18. Bd4 Bf6 19. e5 Nxe5 0-1

[Event "Eastern Ontario op"]
[Site "Ottawa CAN"]
[Date "2025.06.14"]
[Round "2.12"]
[White "Pollitt, Henry"]
[Black "Gordon, David"]
[Result "0-1"]
[WhiteElo "1991"]
[BlackElo "2081"]
[WhiteFideId "-1"]
[WhiteFideId "-1"]
[PlyCount "114"]
[GameId "2189339054784757"]
[EventDate "2025.06.13"]
[EventType "swiss"]
[EventRounds "5"]
[EventCountry "CAN"]

1. e4 c5 2. c3 Nf6 3. e5 Nd5 4. Nf3 Nc6 5. d4 cxd4 6. cxd4 d6 7. Bc4 Nb6 8. Bb3 dxe5 9. d5 Na5 10. Nc3 Nxb3 11. Qxb3 e6 12. Nxe5 exd5 13. Be3 Bd6 14. f4 O-O 15. Rd1 Qh4+ 16. g3 Qh3 17. Bxb6 axb6 18. Qxd5 Bxe5 19. fxe5 Ra5 20. Qe4 Bf5 21. Qe3 Qg2 22. Rf1 Bh3 23. Rf2 Qg1+ 24. Kd2 Rd8+ 25. Kc1 Rxd1+ 26. Nxd1 Rc5+ 27. Rc2 Rxc2+ 28. Kxc2 Bf5+ 29. Kc1 Qxh2 30. Qd2 Qxd2+ 31. Kxd2 Kf8 32. Ke3 g5 33. Nc3 Ke7 34. Nd5+ Ke6 35. Nxb6 Kxe5 36. Nc4+ Kd5 37. Na5 b6 38. Nb3 Bd7 39. Nd4 f5 40. Nf3 h6 41. b3 Be8 42. a4 Bh5 43. Nd2 Bd1 44. Nc4 Bxb3 45. Nxb6+ Kc6 46. a5 h5 47. Kd4 h4 48. gxh4 gxh4 49. Ke3 h3 50. Kf2 f4 51. Nc8 Kd7 52. Nb6+ Kc7 53. Na8+ Kc6 54. Nb6 Bd5 55. Kg1 f3 56. Nxd5 Kxd5 57. a6 Kc6 0-1

[Event "Eastern Ontario op"]
[Site "Ottawa CAN"]
[Date "2025.06.14"]
[Round "2.13"]
[White "Chen, Max"]
[Black "Graham, Douglas"]
[Result "1-0"]
[WhiteElo "2392"]
[BlackElo "1920"]
[WhiteFideId "-1"]
[WhiteFideId "-1"]
[PlyCount "79"]
[GameId "2189339054751984"]
[EventDate "2025.06.13"]
[EventType "swiss"]
[EventRounds "5"]
[EventCountry "CAN"]

1. e4 e5 2. Nf3 Nc6 3. Bc4 Nf6 4. d3 Bc5 5. c3 a6 6. O-O Ba7 7. d4 d6 8. dxe5 Nxe5 9. Nxe5 dxe5 10. Qxd8+ Kxd8 11. Bg5 Ke7 12. Nd2 Be6 13. Bb3 Bxb3 14. axb3 Ke6 15. Bxf6 gxf6 16. g3 f5 17. exf5+ Kxf5 18. Kg2 Rhe8 19. Kf3 e4+ 20. Ke2 Kg6 21. Nc4 Re6 22. Rfd1 b5 23. Ne3 Bxe3 24. Kxe3 Re7 25. b4 f5 26. Rd5 Ree8 27. Kf4 e3 28. fxe3 Re4+ 29. Kf3 Rc4 30. Rxb5 axb5 31. Rxa8 c6 32. Rd8 Kf6 33. Rd6+ Kg5 34. h4+ Kh5 35. Rf6 h6 36. Rxf5+ Kg6 37. e4 h5 38. Ke3 Kh6 39. Kd3 Kg6 40. b3 1-0

[Event "Eastern Ontario op"]
[Site "Ottawa CAN"]
[Date "2025.06.16"]
[Round "3.1"]
[White "Latorre, Vincent"]
[Black "Rodrigue-Lemieux, Shawn"]
[Result "1/2-1/2"]
[WhiteElo "2362"]
[BlackElo "2614"]
[WhiteFideId "-1"]
[WhiteFideId "-1"]
[PlyCount "57"]
[GameId "2189339054784758"]
[EventDate "2025.06.13"]
[EventType "swiss"]
[EventRounds "5"]
[EventCountry "CAN"]
[WhiteClock "0:17:41"]
[BlackClock "0:22:21"]

1. e4 {[%emt 0:02:22]} e5 {[%emt 0:01:59]} 2. Nf3 {[%emt 0:00:19]} Nc6 {[%emt 0:00:07]} 3. Bb5 {[%emt 0:00:29]} a6 {[%emt 0:01:43]} 4. Ba4 {[%emt 0:00:13]} Nf6 {[%emt 0:01:29]} 5. O-O {[%emt 0:00:35]} Be7 {[%emt 0:00:34]} 6. d3 {[%emt 0:01:29]} b5 {[%emt 0:00:28]} 7. Bb3 {[%emt 0:00:09]} O-O {[%emt 0:00:25]} 8. Re1 {[%emt 0:53:38]} d6 9. a4 Bd7 10. Bd2 h6 11. h3 Re8 12. Nc3 Na5 13. Ba2 b4 14. Nd5 Nxd5 15. Bxd5 Rb8 16. Be3 {[%emt 0:05:02]} c6 {[%emt 0:01:59]} 17. Ba2 {[%emt 0:00:32]} c5 {[%emt 0:00:42]} 18. Nd2 {[%emt 0:02:09]} Bg5 {[%emt 0:11:45]} 19. Qh5 {[%emt 0:04:10]} Be6 {[%emt 0:01:02]} 20. Bxe6 {[%emt 0:13:53]} Rxe6 21. Rf1 {[%emt 0:06:35]} Qf6 {[%emt 0:12:28]} 22. g3 {[%emt 0:05:14]} Qg6 {[%emt 0:05:36]} 23. Qf3 {[%emt 0:04:03]} Rf8 {[%emt 0:03:32]} 24. Kh2 {[%emt 0:00:10]} Nc6 {[%emt 0:05:36]} 25. Qg2 {[%emt 0:00:37]} Bxe3 {[%emt 0:07:36]} 26. fxe3 {[%emt 0:00:09]} Qg5 {[%emt 0:00:24]} 27. Rf5 {[%emt 0:03:16]} Qd8 {[%emt 0:04:09]} 28. Raf1 {[%emt 0:01:29]} g6 {[%emt 0:00:04]} 29. R5f3 {[%emt 0:00:01]} 1/2-1/2

[Event "Eastern Ontario op"]
[Site "Ottawa CAN"]
[Date "2025.06.14"]
[Round "3.3"]
[White "Masse, Hugues"]
[Black "Sambuev, Bator"]
[Result "0-1"]
[WhiteElo "2259"]
[BlackElo "2502"]
[WhiteFideId "-1"]
[WhiteFideId "-1"]
[PlyCount "114"]
[GameId "2189339054784766"]
[EventDate "2025.06.13"]
[EventType "swiss"]
[EventRounds "5"]
[EventCountry "CAN"]

1. d4 Nf6 2. Bf4 g6 3. Nf3 Bg7 4. c3 Nh5 5. Be5 f6 6. Bg3 O-O 7. e3 d6 8. Be2 f5 9. O-O Kh8 10. a4 Qe8 11. d5 c6 12. Ng5 Nf6 13. dxc6 bxc6 14. Na3 h6 15. Nf3 Na6 16. h3 Nc5 17. Nc4 Nce4 18. Bh2 Rb8 19. Nfd2 Be6 20. Nxe4 Nxe4 21. Qc2 Qf7 22. Nd2 Nxd2 23. Qxd2 a5 24. Ra3 Bc4 25. Re1 c5 26. Bxc4 Qxc4 27. Qe2 Qxe2 28. Rxe2 Rb6 29. Kf1 Rfb8 30. Ra2 Kg8 31. Ke1 Kf7 32. Kd1 e5 33. f3 e4 34. Kc1 Ke6 35. fxe4 fxe4 36. Rf2 R8b7 37. Bg3 h5 38. Re2 Rf7 39. Rf2 Bh6 40. Re2 Rf5 41. Kc2 Rd5 42. c4 Rd3 43. Ra3 Rxa3 44. bxa3 d5 45. cxd5+ Kxd5 46. Bc7 Ra6 47. g4 hxg4 48. hxg4 Kc4 49. Bd8 Rd6 50. Bxa5 Rd3 51. Kb2 Bxe3 52. Be1 Bd4+ 53. Kc1 Rxa3 54. a5 e3 55. Kc2 Ra1 56. g5 Ra3 57. Kb1 Kb3 0-1

[Event "Eastern Ontario op"]
[Site "Ottawa CAN"]
[Date "2025.06.14"]
[Round "3.4"]
[White "Jaferian, Koosha"]
[Black "Wiebe, Isaac"]
[Result "1-0"]
[WhiteElo "2459"]
[BlackElo "2258"]
[WhiteFideId "-1"]
[WhiteFideId "-1"]
[PlyCount "67"]
[GameId "2189339054784759"]
[EventDate "2025.06.13"]
[EventType "swiss"]
[EventRounds "5"]
[EventCountry "CAN"]

1. d4 d5 2. Bf4 Nf6 3. Nf3 e6 4. e3 c5 5. c3 Nc6 6. Nbd2 Nh5 7. Bg5 f6 8. Bh4 g6 9. Bd3 cxd4 10. cxd4 Be7 11. O-O O-O 12. Rc1 Qe8 13. e4 Nb4 14. Bb1 dxe4 15. Nxe4 g5 16. Bg3 Nxg3 17. hxg3 b6 18. Re1 Bd7 19. Nc3 Qf7 20. a3 Nd5 21. Ba2 Nxc3 22. Rxc3 Rfe8 23. Rce3 Bf8 24. Qe2 Kh8 25. Bxe6 Bxe6 26. Rxe6 Rxe6 27. Qxe6 Qxe6 28. Rxe6 Kg7 29. Rc6 Re8 30. Rc7+ Kg6 31. Kf1 a5 32. Rc6 Rd8 33. Rxb6 g4 34. Nh4+ 1-0

[Event "Eastern Ontario op"]
[Site "Ottawa CAN"]
[Date "2025.06.14"]
[Round "3.5"]
[White "Sai, Krishna GV"]
[Black "Saine, Zachary"]
[Result "1-0"]
[WhiteElo "2617"]
[BlackElo "2132"]
[WhiteFideId "-1"]
[WhiteFideId "-1"]
[PlyCount "65"]
[GameId "2189339054784762"]
[EventDate "2025.06.13"]
[EventType "swiss"]
[EventRounds "5"]
[EventCountry "CAN"]

1. e4 e6 2. d4 d5 3. Nc3 Nf6 4. Bg5 Be7 5. e5 Nfd7 6. h4 a6 7. Qg4 Rg8 8. f4 c5 9. dxc5 Nxc5 10. Bxe7 Kxe7 11. O-O-O Nc6 12. Nf3 h6 13. Bd3 Nxd3+ 14. Rxd3 b5 15. h5 Qa5 16. Kb1 b4 17. Ne2 Qc5 18. Rhd1 a5 19. Ned4 Nxd4 20. Nxd4 Ba6 21. Rg3 Rae8 22. f5 Bc8 23. Qh4+ Kd7 24. c4 Qxc4 25. Rc1 Qa6 26. Nb3 Qe2 27. Nc5+ Kc7 28. Qd4 Kb8 29. Nd7+ Bxd7 30. Qb6+ Ka8 31. Qxa5+ Kb8 32. Qxb4+ Qb5 33. Qd6+ 1-0

[Event "Eastern Ontario op"]
[Site "Ottawa CAN"]
[Date "2025.06.14"]
[Round "3.7"]
[White "Gordon, David"]
[Black "Chen, Max"]
[Result "0-1"]
[WhiteElo "2081"]
[BlackElo "2392"]
[WhiteFideId "-1"]
[WhiteFideId "-1"]
[PlyCount "160"]
[GameId "2189339054784767"]
[EventDate "2025.06.13"]
[EventType "swiss"]
[EventRounds "5"]
[EventCountry "CAN"]

1. c4 e6 2. Nf3 Nf6 3. Nc3 d5 4. cxd5 exd5 5. d4 Be7 6. Bf4 O-O 7. e3 Bf5 8. Bd3 Bxd3 9. Qxd3 c6 10. O-O Nbd7 11. h3 Re8 12. Rac1 Bf8 13. Ne5 Nxe5 14. Bxe5 Re6 15. Rfd1 Nd7 16. Bg3 Qf6 17. Ne2 a5 18. Qb3 Ra7 19. Nf4 Re8 20. Nd3 a4 21. Qc2 Qe6 22. Bc7 Rc8 23. Bg3 Raa8 24. Qe2 Nf6 25. Be5 Ra5 26. Nf4 Qf5 27. Bxf6 Qxf6 28. Qg4 Rd8 29. Rd2 g6 30. Rdc2 Bd6 31. Nd3 Rb5 32. Qe2 Re8 33. Qd2 h5 34. Nc5 Ra8 35. Rc3 Bc7 36. Ra3 Qd6 37. f4 Qf8 38. Nxa4 Bd6 39. Nc5 Rxa3 40. bxa3 Bxc5 41. Rxc5 Rxc5 42. dxc5 Qxc5 43. Qd3 Kf8 44. Kf2 Ke7 45. Qb3 b6 46. g4 Ke6 47. Qb1 hxg4 48. hxg4 b5 49. f5+ Kf6 50. fxg6 fxg6 51. Qb2+ Ke6 52. Kf3 Qc4 53. Qb1 Kf6 54. Qb2+ Ke6 55. Qb1 Kf7 56. Kg3 Qc3 57. Qb4 Qxe3+ 58. Kh4 Qf2+ 59. Kh3 g5 60. a4 Qf3+ 61. Kh2 Qe2+ 62. Kh3 Qd3+ 63. Kh2 Qc2+ 64. Kh3 bxa4 65. Qb7+ Kf6 66. Qd7 Qc3+ 67. Kg2 Qb2+ 68. Kh3 Qa3+ 69. Kg2 Qxa2+ 70. Kh3 Qb3+ 71. Kg2 Qc2+ 72. Kg3 Qd3+ 73. Kg2 Qe2+ 74. Kg3 Qe3+ 75. Kg2 Qe6 76. Qd8+ Kg6 77. Kg3 a3 78. Qh8 Qf6 79. Qe8+ Kh6 80. Qh5+ Kg7 0-1

[Event "Eastern Ontario op"]
[Site "Ottawa CAN"]
[Date "2025.06.14"]
[Round "3.8"]
[White "Demchenko, Svitlana"]
[Black "Jiang, Barron Jiyu"]
[Result "1-0"]
[WhiteElo "2353"]
[BlackElo "2137"]
[WhiteFideId "-1"]
[WhiteFideId "-1"]
[PlyCount "89"]
[GameId "2189339054784765"]
[EventDate "2025.06.13"]
[EventType "swiss"]
[EventRounds "5"]
[EventCountry "CAN"]

1. e4 c5 2. c3 d5 3. exd5 Qxd5 4. d4 Nf6 5. Nf3 Nc6 6. Be3 cxd4 7. cxd4 e6 8. Nc3 Qa5 9. Be2 Be7 10. O-O O-O 11. a3 a6 12. b4 Qc7 13. Qb3 Rd8 14. Rac1 Qd6 15. Rfd1 h6 16. g3 Bf8 17. Ne5 Ne7 18. Nc4 Qc6 19. d5 exd5 20. Nb6 d4 21. Ncd5 Qe6 22. Nxf6+ Qxf6 23. Nxa8 Be6 24. Qb2 Rxa8 25. Qxd4 Qg6 26. Bf3 Nc6 27. Qf4 Be7 28. Qc7 Re8 29. Qxb7 Ne5 30. Be4 Qh5 31. Qxe7 f5 32. Rd8 Rxd8 33. Qxe6+ Kh8 34. Qxe5 Rd1+ 35. Rxd1 Qxd1+ 36. Kg2 fxe4 37. Qe8+ Kh7 38. Qxe4+ Kh8 39. Qd4 Qc2 40. h4 Qc6+ 41. Kh2 Qe6 42. Bf4 Qc6 43. Bd2 Qe6 44. Bc3 Qg6 45. Qxg7+ 1-0

[Event "Eastern Ontario op"]
[Site "Ottawa CAN"]
[Date "2025.06.14"]
[Round "3.9"]
[White "Lattafi, Youcef"]
[Black "Beardall, Ben"]
[Result "1-0"]
[WhiteElo "2236"]
[BlackElo "1819"]
[WhiteFideId "-1"]
[WhiteFideId "-1"]
[PlyCount "57"]
[GameId "2189339054784763"]
[EventDate "2025.06.13"]
[EventType "swiss"]
[EventRounds "5"]
[EventCountry "CAN"]

1. e4 e5 2. Nf3 Nc6 3. Bb5 f5 4. d3 fxe4 5. dxe4 Nf6 6. O-O Bc5 7. Nc3 d6 8. Bc4 Bg4 9. h3 Bxf3 10. Qxf3 Qd7 11. a3 O-O-O 12. Rb1 Nd4 13. Qd3 a6 14. b4 Ba7 15. b5 a5 16. Nd5 Nxd5 17. Bxd5 Bc5 18. Bd2 Rdf8 19. Qc4 Kb8 20. Bxa5 Nf3+ 21. Kh1 Ng5 22. Bd2 Rf3 23. Bxg5 Rxh3+ 24. Kg1 Rg3 25. Be6 Qe8 26. Bh4 Rxg2+ 27. Kxg2 Qh5 28. Bg3 Rf8 29. Rb3 1-0

[Event "Eastern Ontario op"]
[Site "Ottawa CAN"]
[Date "2025.06.14"]
[Round "3.10"]
[White "Rousskikh, Maxim"]
[Black "Leliveld, Amdrew"]
[Result "1-0"]
[WhiteElo "2211"]
[BlackElo "1907"]
[WhiteFideId "-1"]
[WhiteFideId "-1"]
[PlyCount "61"]
[GameId "2189339054784760"]
[EventDate "2025.06.13"]
[EventType "swiss"]
[EventRounds "5"]
[EventCountry "CAN"]

1. d4 f5 2. Bg5 Nf6 3. Bxf6 exf6 4. e3 b6 5. Qf3 d5 6. a3 g6 7. c4 Bb7 8. Nc3 c6 9. cxd5 cxd5 10. Rc1 Qc8 11. Bd3 Qe6 12. Nge2 Bd6 13. h4 h5 14. Nf4 Bxf4 15. Qxf4 Na6 16. Qg3 Kf7 17. Ne2 Rac8 18. Nf4 Rhg8 19. Nxe6 Rxc1+ 20. Kd2 Rxh1 21. Nc7 Nb8 22. Nb5 Bc6 23. Nxa7 Re8 24. Qc7+ Bd7 25. Bb5 Ke7 26. Qxb6 Rxh4 27. Qc5+ Ke6 28. Bxd7+ Nxd7 29. Qc6+ Ke7 30. Qxd5 Rf8 31. Nc6+ 1-0

[Event "Eastern Ontario op"]
[Site "Ottawa CAN"]
[Date "2025.06.14"]
[Round "3.11"]
[White "Hong, Zihan"]
[Black "Azar, Sebastien"]
[Result "1-0"]
[WhiteElo "2033"]
[BlackElo "2201"]
[WhiteFideId "-1"]
[WhiteFideId "-1"]
[PlyCount "225"]
[GameId "2189339054784768"]
[EventDate "2025.06.13"]
[EventType "swiss"]
[EventRounds "5"]
[EventCountry "CAN"]

1. d4 Nf6 2. Bf4 e6 3. e3 b6 4. Qf3 Nc6 5. Nc3 Bb7 6. O-O-O Be7 7. e4 d5 8. e5 Nd7 9. Nge2 O-O 10. Qg4 f5 11. Qg3 Rf7 12. h4 Na5 13. Bg5 Nf8 14. Nf4 Bxg5 15. hxg5 g6 16. Nfe2 a6 17. f4 Qe7 18. Kb1 c5 19. Qe3 Rc8 20. Nc1 c4 21. N3e2 b5 22. c3 Nc6 23. Rd2 a5 24. g3 Rb8 25. Rh2 Ba6 26. Bg2 Qa7 27. Bf3 Rfb7 28. g4 Ne7 29. Ng3 b4 30. Nge2 Bb5 31. Rg2 Bc6 32. Ka1 Nd7 33. Ng3 a4 34. cxb4 Rxb4 35. a3 R4b7 36. gxf5 exf5 37. Bd1 Nf8 38. Nge2 Be8 39. Nc3 Qa5 40. Rgf2 Ne6 41. Bf3 Bf7 42. Bg2 Nc7 43. Bf3 Be6 44. Bd1 Nb5 45. Nxb5 Rxb5 46. Na2 R5b7 47. Nc3 Bd7 48. Rh2 Bc6 49. Qh3 Nc8 50. Qe3 Re7 51. Qf3 Na7 52. Qe3 Nb5 53. Nxb5 Qxb5 54. Qc3 Bd7 55. Rhg2 Bc6 56. Rh2 Reb7 57. Rde2 Qb6 58. Rd2 Qd8 59. Rc2 Qe7 60. Ka2 Bb5 61. Rcd2 Qe6 62. Rdf2 Rc8 63. Rd2 Qa6 64. Kb1 Be8 65. Rhf2 Rcb8 66. Ka2 Qe6 67. Rh2 Qe7 68. Rhf2 Rc7 69. Kb1 Rb6 70. Rh2 Qd8 71. Rdf2 Qc8 72. Re2 Bb5 73. Ref2 Rb8 74. Rhg2 Kh8 75. Rh2 Ba6 76. Rh1 Rb5 77. Rg2 Qb8 78. Ka1 Qa7 79. Rf2 Bc8 80. Rg2 Rcb7 81. Rhh2 Kg8 82. Rd2 Qb6 83. Ka2 Be6 84. Rdf2 Qa7 85. Rd2 Qb8 86. Rdf2 Qc8 87. Rd2 Qc7 88. Rhg2 Qe7 89. Rh2 Bc8 90. Rhg2 Rb8 91. Rh2 Ba6 92. Rhg2 Kh8 93. Rh2 Qc7 94. Ka1 Rb3 95. Bxb3 Rxb3 96. Qc1 c3 97. bxc3 Qe7 98. Ra2 Qc7 99. Rhb2 Bd3 100. Rxb3 axb3 101. Rd2 Bc2 102. Kb2 Qc4 103. Qe1 Be4 104. Qe2 Qa4 105. Qd1 Bc2 106. Qh1 Qb5 107. Rh2 Qb7 108. Qe1 Be4 109. Qe2 Kg8 110. a4 Qa8 111. Qb5 Bd3 112. Qxd3 Qxa4 113. Qb1 1-0

[Event "Eastern Ontario op"]
[Site "Ottawa CAN"]
[Date "2025.06.14"]
[Round "3.12"]
[White "Nassar, Marc"]
[Black "Tan, Shuwen"]
[Result "0-1"]
[WhiteElo "2187"]
[BlackElo "1804"]
[WhiteFideId "-1"]
[WhiteFideId "-1"]
[PlyCount "62"]
[GameId "2189339054784761"]
[EventDate "2025.06.13"]
[EventType "swiss"]
[EventRounds "5"]
[EventCountry "CAN"]

1. e4 d6 2. d4 Nf6 3. Nc3 e5 4. Nge2 Be7 5. Be3 O-O 6. f3 exd4 7. Qxd4 Nc6 8. Qd2 Ne5 9. Nf4 c6 10. Be2 b5 11. a3 a5 12. g4 Bb7 13. g5 Nfd7 14. Nh5 Nb6 15. b3 b4 16. Nd1 d5 17. Bd4 Bxg5 18. f4 Bh4+ 19. Kf1 dxe4 20. Qe3 Nd5 21. Qxe4 Ng6 22. f5 Qd7 23. Bxg7 Rfe8 24. Qg4 Rxe2 25. Kxe2 Re8+ 26. Kf1 Re1+ 27. Kg2 Ne3+ 28. Nxe3 c5+ 29. Kh3 Rxe3+ 30. Ng3 h5 31. Qd1 Qxf5+ 0-1

[Event "Eastern Ontario op"]
[Site "Ottawa CAN"]
[Date "2025.06.14"]
[Round "3.17"]
[White "Byl, Oliver"]
[Black "Pollitt, Henry"]
[Result "1-0"]
[WhiteElo "1886"]
[BlackElo "1991"]
[WhiteFideId "-1"]
[WhiteFideId "-1"]
[PlyCount "83"]
[GameId "2189339054784764"]
[EventDate "2025.06.13"]
[EventType "swiss"]
[EventRounds "5"]
[EventCountry "CAN"]

1. Nf3 d5 2. g3 Nf6 3. Bg2 Bf5 4. O-O e6 5. c4 c6 6. Qb3 Qb6 7. d3 Nbd7 8. cxd5 Qxb3 9. axb3 exd5 10. Bd2 Bc5 11. b4 Bb6 12. Nc3 O-O 13. Na4 Rfe8 14. Rfe1 Ng4 15. Nxb6 axb6 16. h3 Ngf6 17. Nd4 Be6 18. f4 c5 19. Nb5 g6 20. g4 h6 21. Nd6 d4 22. Nxe8 Rxe8 23. Bxb7 Bd5 24. Ra7 Nf8 25. Bxd5 Nxd5 26. bxc5 bxc5 27. Kf2 Ne6 28. Kf3 Rb8 29. Ra2 Rb3 30. Rc1 f5 31. Rc2 Kf7 32. Ra3 Rb7 33. e4 dxe3 34. Bxe3 Rb4 35. Bxc5 Rxf4+ 36. Kg3 fxg4 37. hxg4 g5 38. Bd6 Rf6 39. Be5 Rg6 40. Ra7+ Kg8 41. Rc8+ Nf8 42. Raa8 1-0